Automobile - A B C - Statistics

General Stats
  • This quiz has been taken 176 times
  • The average score is 16 of 26
Answer Stats
Hint Answer % Correct
B Bentley | BMW | Bugatti
96%
A Abarth | Alfa Romeo | Aston Martin | Audi
95%
F Ferrari | Ford | Fiat
93%
M Maserati | Mazda | Mercedes-Benz | Mini | Mitsubishi | Mclaren
91%
C Chevrolet | Citroen | Chrysler | Corvette
90%
P Peugeot | Porsche | Pagani
88%
L Lada | Land Rover | Lamborghini | Lancia | Lexus | Lotus
86%
D Dacia | Dodge | Daihatsu
85%
H Honda | Hyundai | Hummer
85%
S SAAB | Seat | Skoda | Smart | SsangYong | Subaru | Suzuki
83%
T Tesla | Toyota | Tata
83%
J Jaguar | JEEP
82%
N Nissan
79%
V Volvo | Volkswagen
78%
K Kia | Koenigsegg
75%
O Opel
75%
R Renault | Rolls-Royce
74%
I Infiniti | Isuzu | IVECO
54%
G Ginetta | Genesis | GMC
44%
E Excalibur | Edsel | Eagle
20%
Y Yamaha
14%
Q Qoros
8%
W Wartburg | Wiesmann
8%
U UAZ
7%
X Xinkai
3%
Z ZOTYE
2%
No matching quizzes found
Score Distribution
Percent of People with Each Score
Percentile by Number Answered
Your Score History
You have not taken this quiz